000
00302nam a22001217a 4500
008
180521b xxu||||| |||| 00| 0 eng d
041
_a
eng
080
_a
043.3
100
_a
0
101
_a
MBE-BTH
245
_a
Analiza metodologjike mbi statistikat e bilancit të pagesave
_c
Gela,V
942
_2
udc
_c
BK
999
_c
46134
_d
46134